| 000 | 00700nam a2200217 a 4500 | ||
|---|---|---|---|
| 005 | 20240802063700.0 | ||
| 008 | 991125s2001 es 000 0 spa u | ||
| 020 | _a8474320909 | ||
| 035 | _aUPN01000122978 | ||
| 049 | _aCG | ||
| 050 | 4 |
_aHM101 _bG4.58a |
|
| 100 | 1 |
_aGeertz, Clifford James, _d1926-2006 _930831 |
|
| 245 | 1 | 3 |
_aLa interpretación de las culturas / _cClifford Geertz ; tr. Alberto L. Bixio. |
| 260 |
_aBarcelona, Esp. : _bGedisa, _c2001. |
||
| 300 | _a387 p. | ||
| 440 | 0 |
_aHombre y sociedad. _pCla.De.Ma. _pAntropología |
|
| 534 |
_pTítulo original: _tThe interpretation of cultures |
||
| 650 | 4 |
_aCultura _xFilosofía _9999 |
|
| 650 | 4 |
_aEvolución social _96707 |
|
| 905 | _aLibro | ||
| 999 |
_c95161 _d95161 |
||